Top Centers in the NHL 2020 Postseason - Statistics

General Stats
  • This quiz has been taken 55 times
  • The average score is 14 of 16
Answer Stats
# Team Country Player % Correct
1 Oilers Canada Connor McDavid
98%
2 Penguins Canada Sidney Crosby
98%
7 Maple Leafs United States Auston Matthews
96%
3 Avalanche Canada Nathan MacKinnon
96%
6 Penguins Russia Evgeni Malkin
94%
5 Oilers Germany Leon Draisaitl
94%
4 Bruins Canada Patrice Bergeron
92%
13 Panthers Finland Aleksander Barkov
90%
10 Maple Leafs Canada John Tavares
90%
16 Blackhawks Canada Jonathan Toews
90%
8 Lightning Canada Steven Stamkos
90%
12 Capitals Sweden Nicklas Bäckström
83%
15 Rangers Sweden Mika Zibanejad
81%
11 Jets Canada Mark Scheifele
79%
9 Blues Canada Ryan O'Reilly
79%
14 Flyers Canada Sean Couturier
58%
No matching quizzes found
Score Distribution
Percent of People with Each Score
Percentile by Number Answered
Your Score History
You have not taken this quiz